000 01045nam a2200217Ia 4500
003 Ost
005 20260507075115.0
008 260507s9999||||xx |||||||||||||| ||und||
040 _cfsecg
041 _aara
082 _a339.3
100 _aعطية، عبد القادر محمد عبد
_eمؤلف
245 0 _aالنظرية الإقتصادية الكلية /
_c عبد القادر محمد عبد عطية
260 _aالإسكندرية:
_bجامعة الإسكندرية: كلية التجارة,
_c2005
300 _a400 صفحة؛
_bإيضاحات ؛
_c24 سم
520 _aمفهوم الإستقرار الإقتصادي والعوامل المؤثرة فيه- الطلب الكلي والعوامل المؤثرة فيه- مشاكل الإستقرار الإقتصادي- السياسات الإقتصادية وفاعليتها
653 _aالإقتصاد الكلي
653 _aالنظريات الإقتصادية
700 _aمقلد، رمضان محمد أحمد
_eمؤلف ثانوي
942 _cكتاب
999 _c43001
_d43001